00669nam a2200157Ia 4500008004100000082001600041100001500057245004100072260003900113300000800152650002300160942001200183999001500195952015100210952015000361191201s2018 xx 000 0 und d a615.165 MEP aMehta, R.M 0aPharmaceutical Industrial Management bVallabh PrakashanaNew Delhic2018 a368 aPharmaceutics - 23 2ddccBK c8384d8384 00102ddc40708DPaPIETbPIETd2019-03-26eKirti Prakashang210.00kIN 3253l0o615.165 MEPpDP705r2019-12-04 00:00:00v170.10w2019-03-18yREF 00102ddc40708DPaPIETbPIETd2019-03-26eKirti Prakashang210.00kIN 3253l0o615.165 MEPpDP706r2019-12-04 00:00:00v170.10w2019-03-18yBK